Discursos filosóficos sobre la lengua primitiva o Gramática y análisis razonado de la euskara o bascuence / (Record no. 26381)
[ view plain ]
| 000 -LEADER | |
|---|---|
| campo de control de longitud fija | 00808nam a2200217 i 4500 |
| 001 - NÚMERO DE CONTROL | |
| campo de control | 26381 |
| 003 - IDENTIFICADOR DE NÚMERO DE CONTROL | |
| campo de control | ES-MaACL |
| 005 - FECHA Y HORA DE LA ÚLTIMA TRANSACCIÓN | |
| campo de control | 20251014063057.0 |
| 007 - CAMPO FIJO DE DESCRIPCIÓN FÍSICA--INFORMACIÓN GENERAL | |
| campo de control de longitud fija | t| |
| 008 - DATOS DE LONGITUD FIJA--INFORMACIÓN GENERAL | |
| campo de control de longitud fija | 030109s1883 sp |||| | spa d |
| 100 1# - ENTRADA PRINCIPAL--NOMBRE DE PERSONA | |
| Nombre de persona | Astarloa, Pablo Pedro de, |
| Fechas asociadas al nombre | 1752-1806 |
| 9 (RLIN) | 23667 |
| 245 10 - MENCIÓN DEL TÍTULO | |
| Título | Discursos filosóficos sobre la lengua primitiva o Gramática y análisis razonado de la euskara o bascuence / |
| Mención de responsabilidad, etc. | Pablo Pedro Astarloa. |
| 246 3# - FORMA VARIANTE DEL TITULO | |
| Título propio/Titulo breve | Gramática y análisis razonado de la euskara o bascuence |
| 260 ## - PUBLICACIÓN, DISTRIBUCIÓN, ETC. | |
| Lugar de publicación, distribución, etc. | Bilbao : |
| Nombre del editor, distribuidor, etc. | Pedro Velasco, |
| Fecha de publicación, distribución, etc. | 1883. |
| 300 ## - DESCRIPCIÓN FÍSICA | |
| Extensión | VIII, 773 p. ; |
| Dimensiones | 23 cm. |
| 530 ## - NOTA DISPONIBLE DE FORMULARIO FÍSICO ADICIONAL | |
| Nota de formato físico adicional disponible | Disponible en formato digital. |
| 650 04 - PUNTO DE ACCESO ADICIONAL DE MATERIA--TÉRMINO DE MATERIA | |
| Término de materia o nombre geográfico como elemento de entrada | Lengua vasca- |
| Subdivisión general | Historia. |
| 9 (RLIN) | 154956 |
| 852 ## - LOCALIZACIÓN | |
| Ubicación | ES-MaACL |
| Número de control de estantería | C-1961 |
| 856 ## - LOCALIZACIÓN Y ACCESO ELECTRÓNICOS | |
| Identificador Uniforme de Recursos | <a href="http://hdl.handle.net/10357/1473 ">http://hdl.handle.net/10357/1473 </a> |
| Nota pública | Memoria Digital Vasca |
| Estatus retirado | Estado de pérdida | Estado de daño | No para préstamo | Colección | Biblioteca de origen | Biblioteca actual | Ubicación en estantería | Fecha de adquisición | Fuente de adquisición | Total de préstamos | Signatura topográfica completa | Código de barras | Visto por última vez | Precio de reemplazo | Tipo de ítem Koha |
|---|---|---|---|---|---|---|---|---|---|---|---|---|---|---|---|
| Colección digital | Biblioteca del Ateneo de Madrid | Biblioteca del Ateneo de Madrid | Sala Palomar | 17/01/2008 | C-1961 | 1027228 | 23/02/2023 | 23/02/2023 | Libro impreso antiguo |
